Wireless sensor networks : (Record no. 179740)

000 -LEADER
fixed length control field 01229 a2200265 4500
003 - CONTROL NUMBER IDENTIFIER
control field Nust
005 - DATE AND TIME OF LATEST TRANSACTION
control field 20221026134159.0
010 ## - LIBRARY OF CONGRESS CONTROL NUMBER
LC control number 2004301905
020 ## - INTERNATIONAL STANDARD BOOK NUMBER
International Standard Book Number 1558609148 (alk. paper)
035 ## - SYSTEM CONTROL NUMBER
System control number (OCoLC)ocm55994668
040 ## - CATALOGING SOURCE
Transcribing agency Nust
082 00 - DEWEY DECIMAL CLASSIFICATION NUMBER
Classification number 621.3,ZHA
100 1# - MAIN ENTRY--PERSONAL NAME
Personal name Zhao, Feng,
9 (RLIN) 101429
245 10 - TITLE STATEMENT
Title Wireless sensor networks :
Remainder of title an information processing approach /
Statement of responsibility, etc. Feng Zhao, Leonidas J. Guibas.
260 ## - PUBLICATION, DISTRIBUTION, ETC.
Place of publication, distribution, etc. Amsterdam ;
-- San Francisco :
Name of publisher, distributor, etc. Morgan Kaufmann,
Date of publication, distribution, etc. c2004.
300 ## - PHYSICAL DESCRIPTION
Extent xvii, 358 p. ;
Other physical details ill. ;
Dimensions 25 cm.
440 #4 - SERIES STATEMENT/ADDED ENTRY--TITLE
Title The Morgan Kaufmann series in networking
9 (RLIN) 95656
505 ## - FORMATTED CONTENTS NOTE
Formatted contents note Introduction (Page-1), Canonical Problems (Page-23), Networking Sensors (Page-63), Infrastructure Establishment (Page-103), Sensor Tasking and Control (Page-135), Sensor Network Databases (Page-189), Sensor Network Platforms and Tools (Page-239), Applications and Future Directions (Page-291).
650 #0 - SUBJECT ADDED ENTRY--TOPICAL TERM
Topical term or geographic name entry element Sensor networks.
9 (RLIN) 94573
650 #0 - SUBJECT ADDED ENTRY--TOPICAL TERM
Topical term or geographic name entry element Wireless LANs.
9 (RLIN) 94460
700 1# - ADDED ENTRY--PERSONAL NAME
Personal name Guibas, Leonidas J.
9 (RLIN) 101430
856 41 - ELECTRONIC LOCATION AND ACCESS
Materials specified Publisher description
Uniform Resource Identifier <a href="http://www.loc.gov/catdir/description/els051/2004301905.html">http://www.loc.gov/catdir/description/els051/2004301905.html</a>
856 41 - ELECTRONIC LOCATION AND ACCESS
Materials specified Table of contents
Uniform Resource Identifier <a href="http://www.loc.gov/catdir/toc/els051/2004301905.html">http://www.loc.gov/catdir/toc/els051/2004301905.html</a>
942 ## - ADDED ENTRY ELEMENTS (KOHA)
Source of classification or shelving scheme
Koha item type Book
Holdings
Withdrawn status Lost status Source of classification or shelving scheme Damaged status Not for loan Permanent Location Current Location Shelving location Date acquired Full call number Barcode Date last seen Price effective from Koha item type Public note
          Military College of Signals (MCS) Military College of Signals (MCS) General Stacks 12/12/2016 621.3,ZHA MCS31271 12/08/2016 12/12/2016 Book Almirah No.28, Shelf No.5
© 2023 Central Library, National University of Sciences and Technology. All Rights Reserved.